Vida de N. S. Jesucristo: Adoptada por la Universidad de Chile para las escyelas primarias y aprobada por S. S. I. y R. el obispo de Cuyo y el Consejo Nacional de Educacion

Gespeichert in:
Bibliographische Detailangaben
1. Verfasser: Sarmiento, Domingo F.
Format: Buch
Erschienen: Leipzig Imprenta de F. A. Brockhaus 1885
Katalog:MANES:  Suchergebnis im Bibliothekskatalog
Schulbuchspezifische Eigenschaften:
Tags: Tag hinzufügen
Keine Tags, Fügen Sie den ersten Tag hinzu!
Hinzugefügt zu:29.11.1999
Geändert in:25.04.2025

MARC

LEADER 00000nam a22000007a 4500
005 20250425101438.0
008 spa
040 |a MGM 
100 |9 17607  |a Sarmiento, Domingo F. 
245 |a Vida de N. S. Jesucristo: Adoptada por la Universidad de Chile para las escyelas primarias y aprobada por S. S. I. y R. el obispo de Cuyo y el Consejo Nacional de Educacion 
260 |a Leipzig  |b Imprenta de F. A. Brockhaus  |c 1885 
300 |a 102 p.  |c 11,5 x 18 cm. 
500 |a Con ilustraciones en blanco y negro. Regular estado de conservación, tiene hojas sueltas. Ubicación local: T 200 S246v 1885 
546 |a Chile 
561 |5 cl-MGM  |3 T 200 S246v 1885  |a Chile. Museo Gabriela Mistral  |k MANES 
690 |a RyM 
691 |a PRI 
942 |2 ddc  |c BK 
999 |c 53330  |d 53330 
999 |c manes:53330  |d 53330